000 00458nam a22001697a 4500
003 OSt
008 260506b |||||||| |||| 00| 0 eng d
082 _a633.11
_bV78R
100 _aKumar, Vinod
245 _aResponse of Wheat to Different Rates of Zinc and Nitrogen under Varying Levels of Moisture Stress
260 _aPusa, Samastipur
_bRAU
_c1982
300 _a98P.
502 _bMsc.
_d1982
650 _aAgronomy
650 _aMsc.
942 _2ddc
_cT
999 _c50482
_d50482